000 00518nam a2200181Ia 4500
999 _c34018
_d34018
003 OSt
005 20200917131445.0
008 190216s9999||||xx |||||||||||||| ||und||
020 _a9788187721956
040 _coclc
082 _a621.382
_bSRI/P
100 _aSrinivasan, K S
_94688
245 0 _aPrinciples Of Communication /
_cK S Srinivasan
260 _bAnuradha Agencies,
_aKumbakonam:
_c2005.
300 _a195p
650 _aPhysics
942 _cBK
_2ddc
_h621.382
_iSRI/P
_k621.382
_mSRI/P